000 00397nam a2200181Ia 4500
008 151018s9999 xx 000 0 und d
082 _bRBASDV51268
_a144
100 _abernd pltug
245 _aHumanism
250 _b1
260 _bRediance
_c2009
300 _a115
600 _abernd pltug
630 _aHumanism
700 _abernd pltug
730 _aHumanism
942 _cBOOK
999 _c1050160
_d1050157